|
|
|
|
| LEADER |
01959cam a2200481 7i4500 |
| 001 |
0000061760 |
| 005 |
20151104090000.0 |
| 005 |
##20151104183800.0 |
| 003 |
##MY-KlINT |
| 020 |
# |
# |
|a 9679933792
|
| 039 |
# |
9 |
|y 201511041838
|z VLOAD
|
| 090 |
0 |
0 |
|a 352.48 XAV
|
| 100 |
1 |
# |
|a Xavier, John Anthony.
|
| 245 |
1 |
0 |
|a Budgeting for performance :
|b principles and practice /
|c John Anthony Xavier..
|
| 260 |
# |
# |
|a Kuala Lumpur:
|b INTAN,
|c 2001.
|
| 300 |
# |
# |
|a 379 p;
|c 22cm.
|
| 650 |
# |
0 |
|a Program budgeting
|
| 650 |
# |
0 |
|a Budget
|
| 996 |
|
|
|a ikwas2005.out
|
| 997 |
|
|
|a 3000127615
|b IKWS
|c MNF
|d BOK
|
| 997 |
|
|
|a 3000127614
|b IKWS
|c MNF
|d BOK
|
| 997 |
|
|
|a 3000127613
|b IKWS
|c MNF
|d BOK
|
| 997 |
|
|
|a 3000127612
|b IKWS
|c MNF
|d BOK
|
| 997 |
|
|
|a 3000127611
|b IKWS
|c MNF
|d BOK
|
| 997 |
|
|
|a 3000127610
|b IKWS
|c MNF
|d BOK
|
| 997 |
|
|
|a 3000127609
|b IKWS
|c MNF
|d BOK
|
| 997 |
|
|
|a 3000127608
|b IKWS
|c MNF
|d BOK
|
| 997 |
|
|
|a 3000127607
|b IKWS
|c MNF
|d BOK
|
| 997 |
|
|
|a 3000127606
|b IKWS
|c MNF
|d BOK
|
| 997 |
|
|
|a 3000117857
|b IKWS
|c MNF
|d BOK
|
| 997 |
|
|
|a 3000127616
|b IKWS
|c MNF
|d BOK
|
| 998 |
|
|
|a 0000008711
|
| 999 |
|
|
|a 3000117857
|b BOOK
|c Main Non-Fiction
|e INTAN Kampus Wilayah Selatan
|
| 999 |
|
|
|a 3000127606
|b BOOK
|c Main Non-Fiction
|e INTAN Kampus Wilayah Selatan
|
| 999 |
|
|
|a 3000127607
|b BOOK
|c Main Non-Fiction
|e INTAN Kampus Wilayah Selatan
|
| 999 |
|
|
|a 3000127609
|b BOOK
|c Main Non-Fiction
|e INTAN Kampus Wilayah Selatan
|
| 999 |
|
|
|a 3000127610
|b BOOK
|c Main Non-Fiction
|e INTAN Kampus Wilayah Selatan
|
| 999 |
|
|
|a 3000127611
|b BOOK
|c Main Non-Fiction
|e INTAN Kampus Wilayah Selatan
|
| 999 |
|
|
|a 3000127612
|b BOOK
|c Main Non-Fiction
|e INTAN Kampus Wilayah Selatan
|
| 999 |
|
|
|a 3000127613
|b BOOK
|c Main Non-Fiction
|e INTAN Kampus Wilayah Selatan
|
| 999 |
|
|
|a 3000127614
|b BOOK
|c Main Non-Fiction
|e INTAN Kampus Wilayah Selatan
|
| 999 |
|
|
|a 3000127615
|b BOOK
|c Main Non-Fiction
|e INTAN Kampus Wilayah Selatan
|
| 999 |
|
|
|a 3000127616
|b BOOK
|c Main Non-Fiction
|e INTAN Kampus Wilayah Selatan
|